|
|
|
|
| LEADER |
00000nam a2200000 a 4500 |
| 001 |
vtls008424486 |
| 003 |
SK-MaSNL |
| 005 |
20260301021341.0 |
| 008 |
160610s2005 pl n 100 0 pol |
| 015 |
|
|
|a SNBZSA2007-00025
|
| 020 |
|
|
|a 8392158938 (brož.)
|
| 035 |
|
|
|a 226BC064-2849-4A0F-B574-A66512F66054
|
| 035 |
|
|
|a urn:nbn:sk:snk-amld4k
|
| 035 |
|
|
|a urn:nbn:sk:snk-am0090ju
|
| 040 |
|
|
|a SNK
|b slo
|c SNK
|e AACR2
|
| 041 |
0 |
|
|a pol
|
| 043 |
|
|
|a e-pl---
|a e-xo---
|
| 044 |
|
|
|a pl
|c PL
|
| 072 |
|
7 |
|a 821.162.1 .09
|x Poľská literatúra (o nej)
|2 konspekt
|
| 080 |
|
|
|a 821.162.1 .09
|x (063)
|2 2001
|
| 080 |
|
|
|a 811.162.1`28
|2 2001
|
| 080 |
|
|
|a 39
|x (437.3)
|x (437.6)
|x (438)
|2 2001
|
| 110 |
2 |
|
|a Podhalańska Państwowa Wyźsza Szkoła Zawodowa w Nowym Targu (Nový Targ, Poľsko)
|4 aut
|9 310157
|
| 245 |
1 |
0 |
|a Góry i góralszczyzna w dziejach i kulturze pogranicza polsko-słowackiego
|b (Podhale, Spisz, Orawa, Gorce, Pieniny) : literatura i język : materiały z Międzynarodowej Konferencji Naukowej Kraków-Nowy Targ-Bukowina Tatrzańska, 21-24 października 2004
|c praca zbiorowa pod redakcją Marii Madejowej, Anny Mlekodaj i Kazimierza Sikory
|
| 246 |
3 |
0 |
|a Literatura i język
|
| 260 |
|
|
|a Nowy Targ
|b Podhalańska Państwowa Wyższa Szkoła Zawodowa
|c 2005
|
| 300 |
|
|
|a 301 s.
|c 24 cm
|
| 650 |
0 |
7 |
|a poľština
|2 SNKPH
|9 1349
|
| 650 |
0 |
7 |
|a poľská literatúra
|2 SNKPH
|9 1201
|
| 650 |
0 |
7 |
|a dejiny
|2 SNKPH
|9 3825
|
| 650 |
0 |
7 |
|a etnografia
|2 SNKPH
|9 950
|
| 650 |
0 |
7 |
|a dialekty
|2 SNKPH
|9 19030
|
| 651 |
|
7 |
|a Orava (Slovensko : región)
|2 snkbuxs
|9 116635
|
| 651 |
|
7 |
|a Spiš (Slovensko : región)
|2 snkbuxs
|9 17692
|
| 651 |
|
7 |
|a Podhalie (Poľsko : región)
|2 snkbuxs
|9 152330
|
| 651 |
|
7 |
|a Tatry (Poľsko a Slovensko : pohorie)
|2 snkbuxs
|9 176859
|
| 655 |
|
7 |
|a zborníky
|2 SNKPH
|9 70165
|
| 700 |
1 |
|
|a Madejowa, Maria
|4 edt
|9 310159
|
| 700 |
1 |
|
|a Sikora, Kazimierz
|4 edt
|9 310160
|
| 700 |
1 |
|
|a Mlekodaj, Anna
|4 edt
|9 310161
|
| 919 |
|
|
|a 83-921589-3-8
|
| 958 |
|
|
|a OND
|
| 958 |
|
|
|a ZS
|
| 958 |
|
|
|a PL
|
| 958 |
|
|
|a LX
|
| 958 |
|
|
|a NB
|
| 999 |
|
|
|c 565147
|d 567077
|
| 952 |
|
|
|a SNK
|b SNK
|y PREZ
|7 0
|p 17A0501503
|o snkSC 123169
|i snk2006/6345
|8 2
|g 7.63
|0 0
|1 0
|4 0
|d 2006-01-17
|f 1
|l 0
|r 2025-06-04 00:00:00
|w 2026-02-23
|